000
00340 a2200157 4500
001
191164
020
_a
978-85-8186-002-2
040
_c
Magnum
100
_a
Lima, Edy
240
1
0
_a
Mãe assim quero pra mim
_l
por
245
1
0
_a
Mãe assim quero pra mim
300
_a
20
362
0
_a
2012
697
_a
LITERATURA INFANTO
942
_c
BK
999
_c
191164
_d
191164